000 00341nam a2200145Ia 4500
005 20251222151300.0
008 251222s9999||||xx |||||||||||||| ||spa||
020 _a9788481035896
082 _a863/H17
100 _aHalma, Nazarín
245 0 _aBenito Pérez Galdós:
250 _a1ra. ed.
264 _bYolanda Arencibia
942 _cLIB
999 _c22941
_d22941